| 000 | 01071cab a2200313 4500 | ||
|---|---|---|---|
| 001 | ABS59209 | ||
| 008 | 090401t1998 xxu||||| |||| 00| 0 eng d | ||
| 035 | _a(Sirsi) u88223 | ||
| 041 | _aeng | ||
| 100 | _aMartin, J. | ||
| 245 | _aIce-cream wars | ||
| 260 | _c1998 | ||
| 350 | _a0 | ||
| 490 |
_aEstates Gazette _v(9834) 22 August 1998, 84-85(2) |
||
| 520 | _aDiscusses the case of "Dilieto v Ealing LBC" which deals with the question of extent to which the validity of a breach of condition notice may be challenged in a prosecution by the local planning authority before magistrates. | ||
| 650 | _aBREACH OF CONDITION NOTICES | ||
| 650 | _aBREACH OF PLANNING CONTROL | ||
| 650 | _aDILIETO V EALING LBC | ||
| 650 | _aENFORCEMENT | ||
| 650 | _aJUDICIAL REVIEW | ||
| 650 | _aR V EALING LBC EX P ZAINUDDAIN | ||
| 650 | _aR V WICKS | ||
| 650 | _aTOWN AND COUNTRY PLANNING ACT 1990 S171 | ||
| 650 | _aTOWN AND COUNTRY PLANNING ACT 1990 S187(A) | ||
| 690 | _aPLANNING LAW AND PRACTICE | ||
| 700 | _aEdwards, M. | ||
| 942 | _n0 | ||
| 948 | _c02/09/1998 | ||
| 999 |
_c55734 _d55734 |
||